000
00238nam a2200097Ia 4500
001
689358
005
20250826161632.0
008
250824s9999 xx 000 0 und d
245
0
_a
DİRİLT KALBİNİ
_c
ALİ KHAN
260
_b
TİMAŞ YAYINLARI
999
_c
689358
_d
689358